000 00620cam a2200181 a 4500
020 _a0697260585 (pbk.)
040 _cDLC
082 _a612 BRO 1996 A110 Or.
100 1 _aSheeler, Phillip.
245 1 0 _aEssentials of human physiology /
250 _a2nd ed.
260 _aDubuque, IA :
_bWm. C. Brown Publishers,
_cc1996.
300 _axvi, 458 p. :
_bill. ;
_c28 cm. +
_e2 computer disks (3 1/2 in.)
500 _aIncludes index.
500 _aSystem requirements for computer disks: IBM-compatible PC. This software is a Windows applicartion. Windows 3.1 or higher.
650 0 _aHuman physiology.
942 _cEK
999 _c16689
_d16689